000 00285nam a2200121Ia 4500
008 190216s9999||||xx |||||||||||||| ||und||
100 _aMarder L
245 0 _aFluid Mechanics
260 _bLondon George Allen And Unwin Ltd
_c1974
300 _a107p
650 _aPhysics
942 _cBK
999 _c32919
_d32919